MDQL
is popping MORE tags! Check the
thread
!
Quizzes
Events
Quiz Creation
Community
Videos
Private Events
Remove Ads
Sign In
Join for FREE
Feedback
Dark Mode
Quiz Categories
Sports
Geography
Music
Movies
Television
Just For Fun
Miscellaneous
History
Literature
Language
Science
Gaming
Entertainment
Religion
Holiday
For Kids
Quiz Lab
Recent
Popular Today
Quiz Kudos Today
Editor Picks
Curator Picks
Quizzes by...
Day
Popularity
Type
Ratings
Length
Year
Community
Subscriptions
Recent Discussions
Orange Saloon
Badges
Playlists
Quests
Create
Leaderboards
Showdown
Live 5
Trivia Bingo
Activity
Puzzle Library
Sporcle Events
Private Events
Virtual Trivia
Globe League
Become a Host
Pub Owners
SporcleCon
Opinionation
Our Games
Videos
Blog
Mobile Apps
Partnerships
Remove Ads and Go Orange
Feedback
Television
TV Characters
TV Show
Sitcom
Network
Friends
Reality Shows
Cast
South Park
Star Trek
The Simpsons
Doctor Who
Television
TV Characters
TV Show
Sitcom
Network
Friends
Reality Shows
Cast
South Park
Star Trek
The Simpsons
Doctor Who
Random Quiz
Search Sporcle
×
Quiz Lab
Quiz Lab
Television
Ability
Type in answers that appear in a list
Type in answers that appear in a list
Classic
Best Score? Go Orange.
Naruto Clans Stats
Can you name the Naruto Clans?
By
coolguy666
6m
21 Questions
1,468 Plays
1,468 Plays
1,468 Plays
Comments
Comments
Give Quiz Kudos
Give Quiz Kudos
-
- Ratings
hide this ad
More Info
Replay
Link that replays current quiz
Next Quiz
Link to next quiz in quiz playlist
You Got
0%
They Got
Avg Score
35%
Avg Friend Score
Upgrade to see
Score Distribution
Jump to the score distribution portion of the page
Score
0/21
Timer
06:00
0
Plays Today
Special Abilities of the Clan
Clan
% Correct
Almost extinct because of massacre
Uchiha
93%
Manipulates insects
Aburame
86%
Manipulates shadows
Nara
77.6%
Known for their size
Akimichi
74.9%
Sharingan is believed to have descended from one of this clan's jutsu
Hyuga
70.6%
Rivals with the Uchiha
Senju
69%
Ninja in this clan get a dog when they reach a certain age
Inuzuka
66.6%
Psychic-
based clan
Yamanaka
59.1%
Really influential clan
Sarutobi
37.2%
Very barbaric, now extinct clan
Kaguya
32.4%
Named after a very spicy Japanese sushi ingredient
Wasabi
18.2%
Special Abilities of the Clan
Clan
% Correct
Very skilled at Genjutsu
Kurama
12.5%
Unknown where they hail from
Fuma
10.4%
Clan from Kumogakure
Yotsuki
5%
One of their past leaders developed a jutsu capable of destroying an entire village
Tsuchigumo
4.8%
For many years has fought to own the Degarashi Port
Wagarashi
4.5%
Don't wear headbands from their native village
Kamizuru
4.1%
Puppet manipulators
Shirogane
4%
Revived as zombies
Kohaku
3.6%
Led by Agari Kaisen
Kedoin
3.5%
Group of missing-
nin lead by Hoki
Watari Ninja
1.8%
Quiz Playlist
Details
Report
Send in Message
Add To Playlist
More Info:
Try this test if you think you know all the Naruto clans.
Classic:
Type in answers that appear in a list
Last Updated: Feb 16, 2017
Quiz Scoreboard
CHALLENGE
Sign Up to Join the Scoreboard
Show All
Scores
Hide
Comments
May contain spoilers
Recently Published
1-10 Letter E Words III
by El_Dandy
Language
2m
Street Fighter Characters
by Artimus82
Gaming
60s
College Basketball Coaching Resumes
by pancakes188
Sports
9m
More to Explore
Quiz From the Vault
Featured Blog Post
Where Did the Easter Bunny Come From?
hide this ad
You Might Also Like...
Tags
Ability
clan
Naruto
special
Today's Top Quizzes in Television
Browse Television
hide this ad
Today's Top Quizzes in Ability
Browse Ability
Top Contributed Quizzes in Television
1
Survivor Journey Challenge
2
Adjectives in 80s TV Shows
3
Adjectives in 00s TV Shows
4
5-to-1: The Simpsons Families
5
Adjectives in 10s TV Shows
6
5-to-1: Television Doctors
7
7-to-1: TV Show Settings
8
Adjectives in 70s TV Shows
9
5-to-1: Streaming Originals
10
Survivor Seasons
Explore More
Trending Topics
Disney
Harry Potter
Crossword
Kpop
Marvel
Anime
NBA
Soccer
The Office
Country
WWE
Puzzle
NFL
Pokémon
Song
hide this ad
More By:
coolguy666
Quiz
Plays
Rating
Category
Featured
Created
Word Ladder: Italian Cities
15,637
3.77
Just For Fun
Jun 2, 2010
Naruto Clans
1,468
1.50
Television
Apr 22, 2010
Torturing Methods in the Middle Ages
365
1.40
History
May 5, 2010
Sasuke Uchiha's Jutsu
284
1.00
Entertainment
Mar 31, 2010
Legendary Pokemon Categories
244
3.00
Gaming
Mar 30, 2010
Go to Creator's Profile
Score Distribution
Quiz Creator Spotlight
coolguy666
Follow
Send a Message
Quizzes Created
-
Created Quiz Play Count
-
More By This Creator
Popular Quizzes Today
1
Find the US States - No Outlines Minefield
2
Find the Countries of Europe - No Outlines Minefield
3
Find the US States
4
The Countries of the World
5
Risky Map Clicking: Biggest States A-Z
6
US States
7
Popular People in 1961
8
Movies - When Are They Set?
More Television Quizzes
2022 TV Characters By Show Blitz (Picture Click)
Curator's Pick
Trending Quizzes
Risky Map Clicking: Least Populous States A-Z
1-10 Letter G Words
Countries of the World: 200 Million BC
1-10 Letter F Words
Risky Map Clicking: Next State Alphabetically
Recently Updated
Largest US Cities 1790-2010
pecheneg
Rides in Walt Disney World
pecheneg
Most Oscar Losses (Acting)
pecheneg
Beyoncé Albums
pecheneg
Leaping Animals
pecheneg
Reality TV Shows (A-Z)
bhenderson79
Rickey Henderson's Hall of Fame Teammates
pecheneg
Champions League XIs: Arsenal
pecheneg
Quick Pick: Celebrities in WWE's Hall of Fame
aduchscher
A-Z Keypad Blitz II
pecheneg
Trending Topics
Marvel
Kpop
Disney
Anime
Crossword
Harry Potter
NBA
WWE
Puzzle
The Office
Country
NFL
Soccer
Song
Pokémon
Your Account Isn't Verified!
In order to create a playlist on Sporcle, you need to verify the email address you used during registration. Go to your
Sporcle Settings
to finish the process.
Report this User
Report this user for behavior that violates our
Community Guidelines
.
Details:
Send Report
Go to the Sporcle.com Mobile Site →
Comments